000 00886nam a2200313 a 4500
003 AR-BaBNM
005 20251128202743.0
008 082120s2002 ||||||||||||||000 | spa||
040 _cAR-BaBNM
100 1 _aMende, Tibor
245 0 0 _aLa India contemporánea
250 _a1ª ed.
260 _aMéxico, D.F.
_bFondo de Cultura Económica
_c1954
300 _a322 p.
_bil., láms.
490 0 _aBreviarios del Fondo de Cultura Económica
_vv. 91
504 _aContiene bibliografía para consultar al pie de cada página.
650 4 _aECONOMIA
650 4 _aSOCIEDAD
650 4 _aCIENCIAS POLITICAS
650 4 _aCIVILIZACIONES ANTIGUAS
650 4 _aHINDUISMO
650 4 _aRELIGIONES MODERNAS
650 4 _aHINDUES
650 4 _aPERSONAS RELIGIOSAS
651 4 _aChina
700 1 _aGonzález Aramburu, Francisco
_etraductor
942 _cBK
998 _cmariana
999 _c411
_d411